Discursos leídos en la sesión inaugural del año académico de 1878-79 en la Academia Médico-Quirúrgica Española verificada el 12 de enero 1879 / (Record no. 166816)

MARC details
000 -LEADER
campo de control de longitud fija 01191nam a22002175i 4500
001 - NÚMERO DE CONTROL
campo de control 166816
003 - IDENTIFICADOR DE NÚMERO DE CONTROL
campo de control ES-MaACL
005 - FECHA Y HORA DE LA ÚLTIMA TRANSACCIÓN
campo de control 20230906213416.0
008 - DATOS DE LONGITUD FIJA--INFORMACIÓN GENERAL
campo de control de longitud fija 030327s1879 sp |||| | spa d
040 ## - FUENTE DE CATALOGACIÓN
Centro catalogador/agencia de origen CAM
Lengua de catalogación spa
Centro/agencia transcriptor CAM
100 1# - ENTRADA PRINCIPAL--NOMBRE DE PERSONA
Nombre de persona Ustáriz y Escribano, José.
9 (RLIN) 112318
245 10 - MENCIÓN DEL TÍTULO
Título Discursos leídos en la sesión inaugural del año académico de 1878-79 en la Academia Médico-Quirúrgica Española verificada el 12 de enero 1879 /
Mención de responsabilidad, etc. por José Ustáriz y Escribano y ... Manuel María José de Galdo.
260 ## - PUBLICACIÓN, DISTRIBUCIÓN, ETC.
Lugar de publicación, distribución, etc. Madrid :
Nombre del editor, distribuidor, etc. [s.n.],
Fecha de publicación, distribución, etc. 1879 (
Fabricante Imprenta de Enrique Teodoro)
300 ## - DESCRIPCIÓN FÍSICA
Extensión 19, 34 p. ;
Dimensiones 23 cm.
505 8# - NOTA DE CONTENIDO CON FORMATO
Nota de contenido con formato Las 19 p. corresponden al discurso de J. Ustariz y las 35 p. al discurso de Manuel María José de Galdo con port. propia
530 ## - NOTA DISPONIBLE DE FORMULARIO FÍSICO ADICIONAL
Nota de formato físico adicional disponible Disponible también en sitio web.
700 1# - ENTRADA AGREGADA--NOMBRE PERSONAL
Nombre de persona Galdo, Manuel María José de.
9 (RLIN) 53356
710 0# - ENTRADA AGREGADA--NOMBRE DE ENTIDAD CORPORATIVA
Nombre de entidad corporativa o nombre de jurisdicción como elemento de entrada Academia Médico-Quirúrgica Española.
9 (RLIN) 1209
852 ## - LOCALIZACIÓN
Ubicación ES-MaACL
Número de control de estantería T-685-F-7
Nota libre -- Enc. hol. conservando la cub. original
condición física -- Falto de la pag.35
Nota libre -- Enc. en un vol. facticio
856 ## - LOCALIZACIÓN Y ACCESO ELECTRÓNICOS
Identificador Uniforme de Recursos <a href="http://bibliotecadigitalhispanica.bne.es:80/webclient/DeliveryManager?pid=1834811&custom_att_2=simple_viewer">http://bibliotecadigitalhispanica.bne.es:80/webclient/DeliveryManager?pid=1834811&custom_att_2=simple_viewer</a>
Nota pública Ir a la página
Holdings
Estatus retirado Estado de pérdida Estado de daño No para préstamo Colección Biblioteca de origen Biblioteca actual Ubicación en estantería Fecha de adquisición Total de préstamos Signatura topográfica completa Código de barras Visto por última vez Precio de reemplazo Tipo de ítem Koha
        Colección de folletos Biblioteca del Ateneo de Madrid Biblioteca del Ateneo de Madrid Depósito folletos 17/01/2008   T-685-F-7 1174973 23/02/2023 23/02/2023 Folleto